000 00437nam a22001577a 4500
003 MACL
005 20160716161715.0
008 160716b xxu||||| |||| 00| 0 eng d
040 _cMACL
041 _aEnglish
082 _a510 SHA
100 _aSharma, Arun
_964553
245 _aHow to Prepare For Quantitative Aptitude For The CAT Common Admission Test
_cArun Sharma
260 _aNew Delhi
_bMc Graw Hill
_c2015
942 _2ddc
_cBK
999 _c54322
_d54322